000 00242nam a2200097Ia 4500
001 782874
005 20250826170212.0
008 250824s9999 xx 000 0 und d
245 0 _aBANA DELİ DERLERDİ
_cJOHN MONAHAN
260 _bPANAMA YAYINLARI
999 _c782874
_d782874